Wren & Martin highschool grammar and composition (Record no. 3300)

MARC details
000 -LEADER
fixed length control field 00321nam a22001217a 4500
008 - FIXED-LENGTH DATA ELEMENTS--GENERAL INFORMATION
fixed length control field 250505b |||||||| |||| 00| 0 eng d
020 ## - INTERNATIONAL STANDARD BOOK NUMBER
ISBN 812192197X
100 ## - MAIN ENTRY--AUTHOR
Author M.A. Wren P.C.
245 ## - TITLE STATEMENT
Title Wren & Martin highschool grammar and composition
260 ## - PUBLICATION, DISTRIBUTION, ETC. (IMPRINT)
Place of publication New Delhi
Name of publisher S. Chand& company
Date of publication 2000
300 ## - COLLATION
Pagination 416p.
942 ## - ADDED ENTRY ELEMENTS (KOHA)
Item type Books
Holdings
Source of classification or shelving scheme Not for loan Permanent location Current location Date acquired Accession No. Full call number Barcode. Koha item type
Library of Congress Classification   Samuel Ogbemudia Main Library, University of Abuja Samuel Ogbemudia Main Library, University of Abuja 05/05/2025 2019/54931 PE1097.W74 2025-1756 Books